00451cam a2200181 i 4500001000800000005001700008008004100025010001700066020001500083040001800098041000800116080001600124082002000140100000700160101000800167245006400175504003000239419006020180129033846.0800724s1981 nyua b 001 0 eng  a 80020063  a0471081159 aDLCcDLCdDLC aeng a658.404 KIN00a658.404 KIN2191 a53 aMEN10aProblem solving in a project environment :cL. Thomas King. aBibliography: p. 165-167.